000 00974nam a22002297a 4500
003 NALT
005 20211009195251.0
008 s2545 th tha d
040 _aNALT
041 _atha
090 _aว JQ1749.A56 พ911ก 2545
100 0 _aเพ็ญศักดิ์ ชลารักษ์
245 1 0 _aการเลือกตั้งนอกราชอาณาจักรตามรัฐธรรมนูญใหม่
260 3 _aกรุงเทพฯ :
_bวิทยาลัยป้องกันราชอาณาจักร,
_c2545
300 _a174 หน้า :
_b แผนภูมิ, ตาราง ;
_c 30 ซม.
650 0 4 _aการเลือกตั้ง
650 0 4 _aการเลือกตั้ง -- วิจัย
650 0 4 _aการเลือกตั้งนอกราชอาณาจักร
850 _aNALT
942 _cRSH
_2lcc
998 _bBENJALUCK
_j109
_k อารีรัตน์ วิชาช่าง
999 _c31259
_d31259